Derecho de extranjería : comentario al Real Decreto 155/1996 de 2 de febrero sobre los derechos y libertades de los extranjeros en España /

-д хадгалсан:
Номзүйн дэлгэрэнгүй
Үндсэн зохиолч: Apraiz Moreno, Fernando (autor)
Формат: Ном
Хэл сонгох:испани
Хэвлэсэн: Barcelona, España : Bosch, 1998, c1998
Нөхцлүүд:
Шошгууд: Шошго нэмэх
Шошго байхгүй, Энэхүү баримтыг шошголох эхний хүн болох!

MARC

LEADER 00000nam^a2200000^a^4500
001 000157958
005 20250521000000.0
009 20260310100556.623
020 |a 84-7698-510-X 
037 |a Acervo ITESO - Biblioteca 
041 |a ESP 
082 |a 342. 46083  |b APR 
100 |a Apraiz Moreno, Fernando  |e (autor) 
245 1 0 |a Derecho de extranjería :  |b comentario al Real Decreto 155/1996 de 2 de febrero sobre los derechos y libertades de los extranjeros en España /  |c F. Apraiz Moreno. 
264 4 |a Barcelona, España :  |b Bosch,  |c 1998, c1998 
300 |a 2 v. 
336 |a texto  |b txt  |2 rdacontenido 
337 |a sin mediación  |b n  |2 rdamedio 
338 |a volumen  |b nc  |2 rdasoporte 
649 |a XX 
650 |a Extranjeros en España -  |x Condiciones Jurídicas 
650 |a Migrantes -  |z España -  |x Condiciones Jurídicas 
650 |a Inmigración -  |z España 
650 |a Migración -  |z España 
650 |a Derechos Humanos -  |z España 
650 |a Derecho Migratorio -  |z España 
650 |a Derecho Constitucional -  |z España 
650 |a Derecho Político -  |z España 
650 |a Derecho Público -  |z España 
910 |a Fondo General 
920 |a Impresos - Libros 
930 |a Colección General 
905 |a 101 
901 |a 0500087827  |b IT1  |c ACC  |u 20250521 
901 |a 0500087824  |b IT1  |c ACC  |u 20250521 
902 |a https://opac.biblio.iteso.mx/vufind/Record/000157958